Quick Pick: 'Brave' Characters Quiz Stats

 Plays Quiz not verified by Sporcle

Score 0/15 Timer 01:30
0 Plays Today
% Correct
Merida
92.3%
King Fergus
91.3%
Queen Elinor
89.4%
Angus
84.9%
Young MacGuffin
84.6%
The Witch
83%
Lord Macintosh
82.4%
Mor'du
80.4%
% Correct
Hamish
79.5%
Wee Dingwall
75.3%
Hubert
64.7%
Maudie
63.8%
Harris
60.3%
Gordon
45.8%
Martin
30.4%

You're not logged in!

Compare scores with friends on all Sporcle quizzes.
OR
Log In

You Might Also Like...

Show Comments

Extras

Top Quizzes Today


Score Distribution

Your Account Isn't Verified!

In order to create a playlist on Sporcle, you need to verify the email address you used during registration. Go to your Sporcle Settings to finish the process.

Report this User

Report this user for behavior that violates our Community Guidelines.

Details: